000 00638nam a2200193Ia 4500
003 GCL
008 140319s9999 xx 000 0 ara d
040 _aGCL /
_cGCL
082 0 4 _a616.0194
_bاا
100 1 _aاميل خليل بيبرس
245 1 0 _aايدز:الوباء الرهيب القاتل اسبابة الوقاية منها /
_cاميل خليل بيبرس
260 _a[S.N] :
_bدار الافاق الجديدة ،
_c1986
300 _a303 ص
490 _a
650 0 4 _aالايدز
650 0 4 _aالامراض التناسلية
650 0 4 _aمرض نقص المناعة المكتسبة
942 _2ddc
_cBK
999 _c53739
_d53739